000 01424nam0a22002891 4500
001 rc\4110236
005 20250611094224.0
021 _aRU
_b[50-18376]
035 _a(NLR Aleph) 008145105
090 _a9509554
_c9509554
100 _a20130415d1950 |||y0rusy50 ca
101 0 _arus
102 _aRU
105 _ab z |||c|
200 1 _aЕстественные районы Оренбургской губернии
_eГеогр. очерк
_f[Под ред., со вступ. статьей "Сергей Семенович Неуструев (1874-1928) и его "Естественные районы Оренбургской губернии", с. 3-19 и коммент. проф. д-ра геогр. наук Ф.Н. Милькова
210 _aЧкалов]
_cЧкал. изд-во
_d1950
_gТип. изд-ва "Чкал. коммуна"
215 _a136 с., 1 л. карт.
_d22
300 _aПеред загл. авт.: С.С. Неуструев
320 _aБиблиогр.: с. 132-133 (28 назв.)
607 _aОренбургский край
_xФизико-географические районы
_2psbo
700 1 _aНеуструев
_bС.С.
_f1874-1928
_gСергей Семенович
702 1 _aМильков
_bФ.Н.
_gФедор Николаевич
_4340
801 0 _aRU
_bNLR
_gpsbo
801 1 _aRU
_bELAR
_2rusmarc
852 _aNLR
_jГ20 Г-5/105
942 _cBOOK
980 _aNB